00278nam a2200121Ia 4500008004100000100001700041245002700058260002900085300000800114650001000122942000700132999001700139190216s9999||||xx |||||||||||||| ||und|| aHarisimh Pal 0aHindi-Mehanth Rang Lai bAjinthya Prakashanc2008 a104 aHindi cBK c16551d16551